QCM sur les pays du monde - Statistiques

Statistiques générales
  • Ce quiz a été pris 430 fois
  • Le résultat moyen est 10 sur 15
Statistiques - réponses
Question Réponse % Correct
De quel pays provient le titre de tsar ? de la Russie
92%
Où se trouve Cuba ? en Amérique centrale
92%
Quel est la ville la plus visitée par les touristes ? Paris
90%
Quel est le pays américain le plus peuplé ? les Etats-Unis
82%
Quelle est la capitale du Kosovo ? Pristina
82%
Quel pays est l'intrus ? Fidji
77%
Quel pays est frontalier avec l’Éthiopie ? Soudan du Sud
74%
Quel est la capitale du Djibouti ? Djibouti
62%
Qui est le premier président de la France ? Louis-Napoléon Bonaparte
62%
Quel est le premier président des États-Unis ? George Washington
59%
Paul Kagame est le président du ... Rwanda
51%
Quel est la ville la plus peuplée entre ces quatre propositions ? Mexico
46%
Quel est le pays le plus peuplé du monde ? la Chine
44%
Quel est l'ancien nom de Saint-Pétersbourg ? Léningrad
36%
Xanten est une ville d' ... Allemagne
3%
Aucun quiz correspondant
Distribution des résultats
% des personnes avec chaque résultat
Percentile par nombre de réponses
Votre historique - résultats
Vous n’avez pas pris ce quiz